000 00734cas a22002055a 4500
001 L130965
008 050920d19201953xxkqr p 0 a0eng u
035 _a(Sirsi) u130965
041 0 _aeng
110 2 _aInstitute of Mine Surveyors of Great Britain
_95281
245 2 2 _aTransactions of the Institute of Mine Surveyors of Great Britain
260 _aLondon
_bTransactions of the Institute of Mine Surveyors of Great Britain
_c1920-1953
362 _aLondon: 1 1920-33 1953
362 0 _aLondon: 11 1930-33 1953
362 0 _aEdinburgh: 1 1920-33 1953
554 _aFour per year
651 4 _aGreat Britain
_y1707-
690 _aENVIRONMENTAL AND LAND CONSULTANCY-MINERAL RESOURCE MANAGEMENT-MINERALS SURVEYING
942 _n0
999 _c118822
_d118822